[Event "15. Bayer Open"]
[Site "Leverkusen"]
[Date "2017.01.09"]
[Round "1.27"]
[White "Moors, Christoph"]
[Black "Pfister, Jürgen"]
[Result "1-0"]
[WhiteElo "1938"]
[BlackElo "1442"]
[PlyCount "93"]
[EventDate "2017.??.??"]
[WhiteTeam "Düsseldorfer SK"]
[BlackTeam "SF Düsseldorf-Süd"]

1. d4 d5 2. c4 e6 3. Nc3 a6 4. cxd5 exd5 5. Bf4 Be6 6. e3 Bd6 7. Bg3 Bxg3 8.
hxg3 Nf6 9. Bd3 Qd6 10. Nge2 Nc6 11. Rc1 Ne7 12. Nf4 Bf5 13. Bxf5 Nxf5 14. g4
g5 15. Nh5 Nxh5 16. Rxh5 Nh4 17. g3 Ng2+ 18. Kf1 Nxe3+ 19. fxe3 h6 20. Qf3
O-O-O 21. Rh2 Kb8 22. Rhc2 h5 23. gxh5 f5 24. Kg2 c6 25. Rh1 Rdf8 26. Rf2 b5
27. Qd1 g4 28. Qd3 Qe6 29. Ne2 Qf7 30. Nf4 Rh6 31. Rc2 Kb7 32. b4 Rfh8 33. Kf1
Qe7 34. a3 Qe4 35. Qxe4 fxe4 36. Kg2 Kb6 37. Rf2 a5 38. Ng6 R8h7 39. Ne5 Rg7
40. Rf4 axb4 41. axb4 Ra7 42. Nxg4 Rh8 43. h6 Ra3 44. h7 Raa8 45. Rh6 Ra2+ 46.
Rf2 Ra3 47. Rc2 1-0

[Event "15. Bayer Open"]
[Site "Leverkusen"]
[Date "2017.01.09"]
[Round "1.28"]
[White "Wehr, Günter"]
[Black "Glaser, Steffen"]
[Result "0-1"]
[WhiteElo "1433"]
[BlackElo "2033"]
[PlyCount "66"]
[EventDate "2017.??.??"]
[WhiteTeam "SV Opladen"]
[BlackTeam "vereinslos"]

1. d4 Nf6 2. c4 e5 3. dxe5 Ne4 4. a3 d6 5. Qd5 Nc5 6. Nd2 Be6 7. Qf3 Nc6 8. e3
Nxe5 9. Qd1 d5 10. b4 Ncd3+ 11. Bxd3 Nxd3+ 12. Ke2 dxc4 13. Ngf3 c3 14. Nd4
cxd2 15. Kxd3 dxc1=Q 16. Rxc1 a5 17. Qa4+ c6 18. b5 c5 19. Ke2 cxd4 20. Rhd1
Qb6 21. Rxd4 Be7 22. h4 O-O 23. h5 Rfd8 24. Rcd1 Bf6 25. R4d2 Qc5 26. Rc2 Qxh5+
27. f3 Rxd1 28. Kxd1 Qh1+ 29. Ke2 Qxg2+ 30. Kd3 Rd8+ 31. Ke4 Bf5+ 32. Kxf5 Qg5+
33. Ke4 Qe5# 0-1

[Event "15. Bayer Open"]
[Site "Leverkusen"]
[Date "2017.01.09"]
[Round "1.29"]
[White "Reuter, Michael"]
[Black "Kayser, Manfred"]
[Result "1-0"]
[WhiteElo "2030"]
[BlackElo "1484"]
[PlyCount "65"]
[EventDate "2017.??.??"]
[WhiteTeam "Langenfelder SF"]
[BlackTeam "Königsspringer Leverkusen"]

1. d4 e6 2. Nf3 Nf6 3. Nbd2 d5 4. e3 Be7 5. Bd3 c5 6. c3 Nbd7 7. O-O O-O 8. Ne5
g6 9. f4 Bd6 10. Qf3 Nh5 11. g4 Ng7 12. Kh1 f6 13. Nxd7 Bxd7 14. Qg2 f5 15. h3
Kh8 16. Nf3 c4 17. Bc2 Be7 18. Ne5 Be8 19. Bd2 Bd6 20. Rg1 Bxe5 21. fxe5 fxg4
22. Raf1 Bf7 23. Be1 Nf5 24. Bxf5 exf5 25. hxg4 Be6 26. Qh2 fxg4 27. Bh4 g5 28.
Rxf8+ Qxf8 29. Bxg5 Qf3+ 30. Rg2 Bf5 31. Bf6+ Kg8 32. Qh6 Qh3+ 33. Qxh3 1-0

[Event "15. Bayer Open"]
[Site "Leverkusen"]
[Date "2017.01.09"]
[Round "1.30"]
[White "Esser, Heinz"]
[Black "Hennig, Edgar Paul"]
[Result "0-1"]
[WhiteElo "1355"]
[BlackElo "1849"]
[PlyCount "36"]
[EventDate "2017.??.??"]
[WhiteTeam "SV Dormagen"]
[BlackTeam "Satranç Club"]

1. c4 e5 2. e4 Nc6 3. g3 Bc5 4. Nc3 a6 5. Bg2 d6 6. Nge2 Nf6 7. O-O Bg4 8. h3
Be6 9. Kh2 Bxc4 10. d3 Be6 11. f4 Nd4 12. f5 Bd7 13. Nxd4 Bxd4 14. Bg5 c6 15.
Qc2 Ng4+ 16. hxg4 Qxg5 17. Bh3 h5 18. Qe2 hxg4 0-1

[Event "15. Bayer Open"]
[Site "Leverkusen"]
[Date "2017.01.09"]
[Round "1.31"]
[White "Claßen, Harald"]
[Black "Balduan, Karl-Heinz"]
[Result "1-0"]
[WhiteElo "1992"]
[BlackElo "1511"]
[PlyCount "69"]
[EventDate "2017.??.??"]
[WhiteTeam "SC Bayer Leverkusen"]
[BlackTeam "Königsspringer Leverkusen"]

1. c4 c5 2. Nc3 Nc6 3. Nf3 Nf6 4. d4 cxd4 5. Nxd4 e5 6. Ndb5 Bb4 7. a3 Bxc3+ 8.
Nxc3 O-O 9. g3 h6 10. Bg2 Rb8 11. O-O a6 12. Be3 d6 13. h3 Be6 14. Qd3 Qd7 15.
Kh2 Rfd8 16. Bb6 Rdc8 17. b3 Ne7 18. Rfd1 Ne8 19. Rac1 f5 20. Nd5 e4 21. Nxe7+
Qxe7 22. Qd4 Rc6 23. b4 Nf6 24. b5 axb5 25. cxb5 Rxc1 26. Rxc1 Rc8 27. Rxc8+
Bxc8 28. e3 g5 29. Ba5 Ne8 30. Bc3 Qh7 31. Qc4+ Qf7 32. Qxc8 f4 33. exf4 gxf4
34. Qg4+ Kh7 35. Bxe4+ 1-0

[Event "15. Bayer Open"]
[Site "Leverkusen"]
[Date "2017.01.09"]
[Round "1.32"]
[White "Diaubalick, Ulrich"]
[Black "Bosbach, Jens"]
[Result "0-1"]
[WhiteElo "1476"]
[BlackElo "1853"]
[PlyCount "64"]
[EventDate "2017.??.??"]
[WhiteTeam "SF Düsseldorf-Süd"]
[BlackTeam "Langenfelder SF"]

1. e4 c6 2. d4 d5 3. Nd2 dxe4 4. Nxe4 Nf6 5. Ng3 h5 6. Qd3 g6 7. Nf3 Bg7 8. Bf4
Na6 9. Ng5 h4 10. Ne2 Nd5 11. Qb3 Qb6 12. Qxb6 axb6 13. Nf3 Nab4 14. Kd2 Nxf4
15. Nxf4 Bh6 16. Kc3 Nxa2+ 17. Kb3 Bxf4 18. Rxa2 Be6+ 19. c4 Rxa2 20. Kxa2 f6
21. Bd3 g5 22. Re1 Kd7 23. b3 g4 24. g3 hxg3 25. hxg3 gxf3 26. gxf4 Rh2 27. f5
Rxf2+ 28. Ka3 Bf7 29. Re3 Bh5 30. Kb4 Rd2 31. d5 Rxd3 32. dxc6+ Kxc6 0-1

[Event "15. Bayer Open"]
[Site "Leverkusen"]
[Date "2017.01.09"]
[Round "1.33"]
[White "Wirtz, Uwe"]
[Black "Haag, Helmut"]
[Result "1-0"]
[WhiteElo "1842"]
[BlackElo "1427"]
[PlyCount "39"]
[EventDate "2017.??.??"]
[WhiteTeam "Königsspringer Leverkusen"]
[BlackTeam "Langenfelder SF"]

1. e4 e5 2. f4 exf4 3. Nf3 d6 4. d4 Bg4 5. Bxf4 Nf6 6. Nc3 Nbd7 7. Bc4 Be7 8.
O-O Nb6 9. Bb3 Qd7 10. Qd3 h6 11. e5 Bf5 12. Qe2 dxe5 13. dxe5 Nfd5 14. Bd2 Be6
15. a4 Nxc3 16. Bxc3 Bxb3 17. cxb3 Qe6 18. Nd4 Bc5 19. Qb5+ c6 20. Qxc5 1-0

[Event "15. Bayer Open"]
[Site "Leverkusen"]
[Date "2017.01.09"]
[Round "1.34"]
[White "Baumgarten, Fred"]
[Black "Rosenauer, Horst"]
[Result "0-1"]
[WhiteElo "1589"]
[BlackElo "1867"]
[PlyCount "62"]
[EventDate "2017.??.??"]
[WhiteTeam "SV Hennef"]
[BlackTeam "Bergische SF"]

1. e4 e5 2. Nf3 Nc6 3. Bb5 a6 4. Ba4 b5 5. Bb3 Be7 6. c3 Nf6 7. d3 d6 8. h3 O-O
9. O-O Na5 10. Bc2 c5 11. Bd2 Bb7 12. b4 cxb4 13. cxb4 Nc6 14. a3 Qc7 15. Be3
Rac8 16. Ra2 d5 17. exd5 Nxd5 18. Bb3 Nxe3 19. fxe3 Qb6 20. Re2 a5 21. bxa5
Nxa5 22. Nxe5 Nxb3 23. Qxb3 Qe6 24. Qxb5 Ba6 25. Qa4 f6 26. Nc4 Rfd8 27. Rc1
Rxd3 28. Nbd2 Rxa3 29. Nxa3 Rxc1+ 30. Kf2 Kf7 31. Re1 Rxe1 0-1

[Event "15. Bayer Open"]
[Site "Leverkusen"]
[Date "2017.01.09"]
[Round "1.35"]
[White "Spiekermann, Stefan"]
[Black "Müller, Horst"]
[Result "1-0"]
[WhiteElo "1958"]
[BlackElo "1497"]
[PlyCount "32"]
[EventDate "2017.??.??"]
[WhiteTeam "SV Menden"]
[BlackTeam "SV Springer Hitdorf"]

1. e4 c5 2. Nf3 d6 3. d4 cxd4 4. Nxd4 a6 5. Be2 Nf6 6. Nc3 e6 7. O-O Be7 8. Be3
Qc7 9. Kh1 Nc6 10. a4 Bd7 11. f4 O-O 12. Nb3 Na5 13. e5 dxe5 14. fxe5 Ne8 15.
Nxa5 Qxa5 16. Qxd7 Qxe5 1-0

[Event "15. Bayer Open"]
[Site "Leverkusen"]
[Date "2017.01.09"]
[Round "1.36"]
[White "Wotzka, Anton"]
[Black "Schimpf, Rolf"]
[Result "0-1"]
[WhiteElo "1513"]
[BlackElo "1679"]
[PlyCount "38"]
[EventDate "2017.??.??"]
[WhiteTeam "SF Schlebusch"]
[BlackTeam "SC Bayer Leverkusen"]

1. e4 c5 2. Nf3 e6 3. d4 cxd4 4. Nxd4 a6 5. Nc3 d6 6. Bd3 Nf6 7. O-O Be7 8. Be3
O-O 9. Qd2 Qc7 10. h3 Nbd7 11. a3 b5 12. Nde2 Bb7 13. Rac1 Rac8 14. Nf4 Rfe8
15. f3 Nb6 16. Bxb6 Qxb6+ 17. Qf2 Qc7 18. Qe3 d5 19. e5 Bc5 0-1

[Event "15. Bayer Open"]
[Site "Leverkusen"]
[Date "2017.01.09"]
[Round "1.37"]
[White "Jiritschka, Wolfgang"]
[Black "Azimi, Reza"]
[Result "1-0"]
[WhiteElo "1811"]
[BlackElo "1303"]
[PlyCount "71"]
[EventDate "2017.??.??"]
[WhiteTeam "SC Bayer Leverkusen"]
[BlackTeam "Schachuzipus Köln-Mülheim"]

1. c4 c5 2. Nc3 e6 3. Nf3 Nc6 4. g3 Nf6 5. Bg2 d6 6. O-O g6 7. d4 cxd4 8. Nxd4
Nxd4 9. Qxd4 Bg7 10. e4 O-O 11. Rd1 Ne8 12. Qd3 a6 13. Be3 Qc7 14. Rac1 Bd7 15.
Bf4 e5 16. Nd5 Qd8 17. Be3 Bc6 18. Nb6 Rb8 19. c5 f5 20. cxd6 fxe4 21. Bxe4
Bxe4 22. Qxe4 Kh8 23. d7 Nf6 24. Qb4 Rg8 25. Qd6 Bf8 26. Qxb8 Qxb8 27. d8=Q
Qxd8 28. Rxd8 Ng4 29. Rcc8 Nxe3 30. fxe3 Kg7 31. Nd7 Bb4 32. Rxg8+ Kh6 33. Nxe5
Bd2 34. Kf2 Ba5 35. g4 Bb6 36. Nf7# 1-0

[Event "15. Bayer Open"]
[Site "Leverkusen"]
[Date "2017.01.09"]
[Round "1.38"]
[White "Longerich, Hans-Peter"]
[Black "Scharff, Klaus"]
[Result "0-1"]
[WhiteElo "1402"]
[BlackElo "1880"]
[PlyCount "48"]
[EventDate "2017.??.??"]
[WhiteTeam "SC Bayer Leverkusen"]
[BlackTeam "SV Opladen"]

1. e4 e6 2. d4 d5 3. exd5 exd5 4. Bd3 Nf6 5. Nf3 Be7 6. h3 O-O 7. O-O Nbd7 8.
Be3 Re8 9. Nbd2 b6 10. c3 Bd6 11. Re1 Ne4 12. Bc2 f5 13. Nxe4 fxe4 14. Nd2 Qh4
15. Rf1 Nf6 16. f4 Bxh3 17. Qe1 Qxe1 18. Raxe1 Bd7 19. Nb3 a5 20. Bd1 Bg4 21.
Be2 c6 22. Nd2 Rf8 23. Rf2 Bxe2 24. Rfxe2 Nh5 0-1

[Event "15. Bayer Open"]
[Site "Leverkusen"]
[Date "2017.01.09"]
[Round "1.39"]
[White "Schülke, Tilman"]
[Black "Bursch, Alexander"]
[Result "1-0"]
[WhiteElo "1864"]
[BlackElo "1506"]
[PlyCount "135"]
[EventDate "2017.??.??"]
[WhiteTeam "Düsseldorfer SV"]
[BlackTeam "SV Hennef"]

1. g3 d5 2. Bg2 Nf6 3. d3 e5 4. Nd2 Bc5 5. e3 Bg4 6. Ne2 Nbd7 7. h3 Be6 8. a3
c6 9. b3 Qc7 10. Bb2 Qd6 11. Nf3 Bb6 12. Qd2 h6 13. g4 Rg8 14. Ng3 Qc7 15. Rc1
O-O-O 16. b4 a6 17. Qe2 Rde8 18. e4 Qd6 19. O-O dxe4 20. dxe4 Nh7 21. Rfd1 Qb8
22. c4 Ng5 23. Nxg5 hxg5 24. c5 Bc7 25. Qe3 f6 26. Nf5 g6 27. Nd6+ Bxd6 28.
Rxd6 Rg7 29. Rd2 Rd8 30. a4 Qc7 31. Bc3 Bc4 32. Bb2 Be6 33. Qe2 Nb8 34. Rxd8+
Qxd8 35. Rd1 Rd7 36. Rxd7 Qxd7 37. Bf3 Bb3 38. a5 Ba4 39. Kg2 Bb5 40. Qc2 Qd3
41. Qxd3 Bxd3 42. Kg1 Nd7 43. Kg2 Nf8 44. h4 gxh4 45. g5 Nh7 46. gxf6 Nxf6 47.
Bxe5 Nxe4 48. Bg4+ Kd8 49. f3 Nd2 50. Bf6+ Kc7 51. Bxh4 Nc4 52. Be6 Ne3+ 53.
Kf2 Nf5 54. Bf6 Bb5 55. f4 Bd3 56. Kf3 Bc2 57. Bf7 Nh6 58. Be6 Nf5 59. Kg4 Ne3+
60. Kg5 Nd5 61. Bf7 Nxf6 62. Kxf6 Kd7 63. Bxg6 Bb3 64. Bf5+ Kd8 65. Be6 Bc2 66.
f5 Be4 67. Ke5 Bc2 68. Kd6 1-0

[Event "15. Bayer Open"]
[Site "Leverkusen"]
[Date "2017.01.09"]
[Round "1.40"]
[White "Foitzik, Peter"]
[Black "Vranidis, Athanassios"]
[Result "0-1"]
[WhiteElo "1428"]
[BlackElo "1794"]
[PlyCount "44"]
[EventDate "2017.??.??"]
[WhiteTeam "vereinslos"]
[BlackTeam "SG Solingen"]

1. e4 c5 2. Nc3 Nc6 3. g3 g6 4. Bg2 Bg7 5. d3 d6 6. Nge2 e6 7. f4 Nge7 8. Be3
O-O 9. g4 Nd4 10. Ng3 Rb8 11. O-O b5 12. Kh1 Nec6 13. f5 b4 14. Nce2 Nxe2 15.
Qxe2 Nd4 16. Bxd4 Bxd4 17. fxg6 hxg6 18. Rab1 Qh4 19. Qf3 Be5 20. Rf2 Bd7 21.
Nf1 Kg7 22. Bh3 Bd4 {Weiß überschritt die Zeit.} 0-1

[Event "15. Bayer Open"]
[Site "Leverkusen"]
[Date "2017.01.09"]
[Round "1.41"]
[White "Birnkott, Manfred"]
[Black "Barche, Uwe"]
[Result "1-0"]
[WhiteElo "1845"]
[BlackElo "1305"]
[PlyCount "27"]
[EventDate "2017.??.??"]
[WhiteTeam "SC Bayer Leverkusen"]
[BlackTeam "SG Solingen"]

1. e4 e6 2. d4 d5 3. Nc3 Nf6 4. Bg5 dxe4 5. Nxe4 Be7 6. Nxf6+ Bxf6 7. Be3 O-O
8. Bd3 Nc6 9. c3 b6 10. Be4 Bb7 11. Qf3 Qe8 12. g4 e5 13. d5 Ne7 14. g5 1-0

[Event "15. Bayer Open"]
[Site "Leverkusen"]
[Date "2017.01.09"]
[Round "1.42"]
[White "Kolleck, Wolf-Dietrich"]
[Black "Kuhn, Andreas"]
[Result "0-1"]
[WhiteElo "1492"]
[BlackElo "1877"]
[PlyCount "56"]
[EventDate "2017.??.??"]
[WhiteTeam "SC Bayer Leverkusen"]
[BlackTeam "SG Niederkassel"]

1. e4 d6 2. Nf3 Nf6 3. Nc3 e5 4. h3 Be7 5. Bc4 O-O 6. O-O c6 7. a3 b5 8. Ba2
Nbd7 9. d3 Qc7 10. Be3 a6 11. Nh2 Bb7 12. Ng4 d5 13. Ne2 dxe4 14. d4 Rad8 15.
Qc1 Nxg4 16. hxg4 exd4 17. Nxd4 Ne5 18. Nf5 Nxg4 19. Bf4 Qd7 20. Nxe7+ Qxe7 21.
Bg5 Qe5 22. Bf4 Qf5 23. c3 c5 24. Bb1 c4 25. Re1 Rd7 26. f3 Qc5+ 27. Kh1 exf3
28. Be3 Qh5+ 0-1

[Event "15. Bayer Open"]
[Site "Leverkusen"]
[Date "2017.01.09"]
[Round "1.43"]
[White "Blumenthal, Ralf"]
[Black "Lasser, Rene"]
[Result "1/2-1/2"]
[WhiteElo "1779"]
[BlackElo "1398"]
[PlyCount "64"]
[EventDate "2017.??.??"]
[WhiteTeam "SK Turm Euskirchen"]
[BlackTeam "Königsspringer Leverkusen"]

1. e4 d5 2. exd5 Qxd5 3. d4 Nf6 4. Nf3 Bg4 5. Be2 c6 6. c4 Qa5+ 7. Nbd2 e6 8.
O-O Nbd7 9. Re1 Qc7 10. Nf1 h5 11. h3 O-O-O 12. Qa4 Kb8 13. Be3 Nb6 14. Qb3
Bxf3 15. Bxf3 Be7 16. a4 Rdg8 17. g3 g5 18. a5 Nbd7 19. Rec1 c5 20. Qc3 g4 21.
hxg4 e5 22. dxe5 Nxe5 23. Bg2 Nfxg4 24. Bf4 h4 25. Ne3 Nxe3 26. Bxe5 Bd6 27.
Bxd6 Qxd6 28. Qxe3 hxg3 29. Qe4 gxf2+ 30. Kf1 Rxg2 31. Qxg2 Qd3+ 32. Kxf2 Qd2+
1/2-1/2

[Event "15. Bayer Open"]
[Site "Leverkusen"]
[Date "2017.01.09"]
[Round "1.44"]
[White "Ecker, Karl-Heinz"]
[Black "Kaspar, Uwe"]
[Result "0-1"]
[WhiteElo "1396"]
[BlackElo "1835"]
[PlyCount "56"]
[EventDate "2017.??.??"]
[WhiteTeam "SK Köln-Worringen"]
[BlackTeam "Düsseldorfer SK"]

1. e4 e6 2. Nc3 b6 3. d4 Bb7 4. Bd3 Bb4 5. Bd2 f5 6. Qh5+ g6 7. Qg5 Qxg5 8.
Bxg5 Bxc3+ 9. bxc3 fxe4 10. Bc4 e3 11. f3 Ne7 12. Bxe3 Nbc6 13. Bb3 Nf5 14. Bg5
h6 15. Bf4 O-O-O 16. O-O-O g5 17. Bd2 Rhf8 18. d5 exd5 19. Bxd5 Na5 20. Bb3 Nh4
21. Ne2 Nxg2 22. Rhg1 Bxf3 23. Rdf1 Bxe2 24. Rxf8 Rxf8 25. Rxg2 Bc4 26. Rg4
Rf1+ 27. Kb2 Bxb3 28. cxb3 Rf2 0-1

[Event "15. Bayer Open"]
[Site "Leverkusen"]
[Date "2017.01.09"]
[Round "1.45"]
[White "Alexopoulos, Spiros Orestis"]
[Black "Roder, Stephan"]
[Result "1-0"]
[WhiteElo "1896"]
[BlackElo "1389"]
[PlyCount "31"]
[EventDate "2017.??.??"]
[WhiteTeam "Aachener SV"]
[BlackTeam "Bergische SF"]

1. e4 e5 2. Nf3 d6 3. Nc3 Be7 4. d4 exd4 5. Nxd4 Nf6 6. Bd3 Bg4 7. f3 c5 8.
Bb5+ Bd7 9. Nf5 Bxb5 10. Nxg7+ Kd7 11. Nxb5 Qa5+ 12. Nc3 Rg8 13. Bh6 Bf8 14.
Nf5 Bxh6 15. Qxd6+ Kc8 16. Ne7# 1-0

[Event "15. Bayer Open"]
[Site "Leverkusen"]
[Date "2017.01.09"]
[Round "1.47"]
[White "Schmuck, Markus"]
[Black "Eßer, Julian"]
[Result "1-0"]
[WhiteElo "1910"]
[BlackElo "1132"]
[PlyCount "49"]
[EventDate "2017.??.??"]
[WhiteTeam "SG Solingen"]
[BlackTeam "SC Bayer Leverkusen"]

1. d4 d5 2. Bf4 Nc6 3. Nf3 e6 4. e3 Bd6 5. Ne5 Nxe5 6. dxe5 Bc5 7. Bd3 Ne7 8.
Qe2 Bd7 9. Nd2 a6 10. c3 b5 11. O-O Ng6 12. Bg3 O-O 13. Rad1 Be7 14. h3 c5 15.
f4 f5 16. exf6 Rxf6 17. Nf3 c4 18. Bb1 Qe8 19. Ng5 Rf8 20. Nxh7 Qf7 21. Ng5
Bxg5 22. fxg5 Qe8 23. Qh5 Rxf1+ 24. Rxf1 Nf8 25. g6 1-0

[Event "15. Bayer Open"]
[Site "Leverkusen"]
[Date "2017.01.09"]
[Round "1.48"]
[White "Sinner, Joselyne"]
[Black "Hansel, Rainer"]
[Result "0-1"]
[WhiteElo "1050"]
[BlackElo "1906"]
[PlyCount "92"]
[EventDate "2017.??.??"]
[WhiteTeam "SG Porz"]
[BlackTeam "SF Köln-Longerich"]

1. e4 e5 2. Nf3 Nc6 3. Nc3 Nf6 4. Bb5 Bc5 5. Nxe5 Bxf2+ 6. Kxf2 Nxe5 7. d4
Neg4+ 8. Kg1 c6 9. Be2 d6 10. Bg5 Qb6 11. h3 Qxb2 12. Na4 Qa3 13. c4 Ne3 14.
Qb3 Qxb3 15. axb3 Nc2 16. Rd1 Nxe4 17. Bh4 Ne3 18. Re1 Nc2 19. Rd1 d5 20. Bf3
O-O 21. Rc1 Nxd4 22. b4 Nd2 23. Bg4 Bxg4 24. hxg4 Ne2+ 25. Kf2 Nxc1 26. Rxc1
Nxc4 27. Nc5 Rfe8 28. Nxb7 Rab8 29. Na5 Rxb4 30. Nxc6 Rb2+ 31. Kg1 Ne3 32. Ne5
Rxg2+ 33. Kh1 Rc2 34. Nd3 Rxc1+ 35. Nxc1 Nxg4 36. Kg2 a5 37. Nb3 a4 38. Nc1 a3
39. Kf3 h5 40. Bg3 g5 41. Bd6 Re3+ 42. Kg2 h4 43. Bc5 h3+ 44. Kh1 Re1+ 45. Bg1
h2 46. Nd3 Rxg1# 0-1

[Event "15. Bayer Open"]
[Site "Leverkusen"]
[Date "2017.01.09"]
[Round "1.49"]
[White "Kamphausen, Johannes-Dieter"]
[Black "Teuber, Alfons"]
[Result "1-0"]
[WhiteElo "1728"]
[BlackElo "1031"]
[PlyCount "88"]
[EventDate "2017.??.??"]
[WhiteTeam "SV Springer Hitdorf"]
[BlackTeam "BSW Opladen"]

1. e4 e5 2. Nf3 d6 3. d4 Bg4 4. dxe5 Bxf3 5. Qxf3 dxe5 6. Bc4 Qf6 7. Qe2 c6 8.
O-O Nd7 9. Nc3 Bc5 10. Kh1 Ne7 11. f4 O-O 12. fxe5 Qxe5 13. Bf4 Qd4 14. Rad1
Nb6 15. Rxd4 Bxd4 16. Bd6 Rae8 17. Bb3 Nbc8 18. Ba3 b5 19. Bxe7 Rxe7 20. Qd3
Be5 21. Nd1 Nd6 22. c3 a5 23. Nf2 a4 24. Bc2 Nc4 25. Ng4 Nxb2 26. Qd2 Nc4 27.
Qg5 f6 28. Qh5 Kh8 29. Bd3 Bxc3 30. Bxc4 bxc4 31. Qc5 Rfe8 32. Qxc4 Rxe4 33.
Qxc3 Rxg4 34. Qxc6 Rge4 35. h3 h5 36. Rd1 a3 37. Rd7 Kh7 38. Qb7 Re1+ 39. Kh2
Rg8 40. Rd5 Kh6 41. Qf7 Re5 42. Rxe5 fxe5 43. Qxg8 g6 44. h4 e4 1-0

[Event "15. Bayer Open"]
[Site "Leverkusen"]
[Date "2017.01.09"]
[Round "1.50"]
[White "Brink, Manfred"]
[Black "Pützkaul, Karl"]
[Result "0-1"]
[WhiteElo "934"]
[BlackElo "1687"]
[PlyCount "60"]
[EventDate "2017.??.??"]
[WhiteTeam "SK Köln-Worringen"]
[BlackTeam "SC Bayer Leverkusen"]

1. c4 e5 2. Nc3 Nf6 3. Nf3 Nc6 4. g3 d5 5. e3 Bb4 6. Bg2 O-O 7. a3 Bxc3 8. bxc3
dxc4 9. O-O Re8 10. Qa4 e4 11. Qxc4 exf3 12. Bxf3 Ne5 13. Qe4 Nxe4 14. Bxe4 Nd3
15. Bxd3 Qxd3 16. Bb2 Bh3 17. a4 Bxf1 18. Rxf1 Qxd2 19. Ba3 Qxc3 20. Rc1 Qxa3
21. Rxc7 Rec8 22. Rxb7 Rc1+ 23. Kg2 Qd6 24. Rb5 Qc6+ 25. Kh3 Rg1 26. Kh4 Qf6+
27. Rg5 h6 28. f4 hxg5+ 29. fxg5 Qf5 30. Kh5 Qh3# 0-1

[Event "15. Bayer Open"]
[Site "Leverkusen"]
[Date "2017.01.16"]
[Round "2.1"]
[White "Claßen, Harald"]
[Black "Rotstein, Jefim"]
[Result "0-1"]
[WhiteElo "1992"]
[BlackElo "2241"]
[PlyCount "64"]
[EventDate "2017.??.??"]
[WhiteTeam "SC Bayer Leverkusen"]
[BlackTeam "SC Tornado Hochneukirch"]

1. c4 e5 2. Nc3 c5 3. g3 Nc6 4. Bg2 f5 5. d3 Nf6 6. e3 Be7 7. Nge2 O-O 8. O-O
d6 9. a3 Qe8 10. Nd5 Nxd5 11. cxd5 Nd8 12. d4 cxd4 13. exd4 e4 14. Nc3 Nf7 15.
f3 exf3 16. Qxf3 Bf6 17. Qd3 Bd7 18. Bd2 Qd8 19. Kh1 Qb6 20. Be3 Rac8 21. Rac1
Qb3 22. Bh3 g6 23. Rfd1 Rfe8 24. Bg2 Qc4 25. Qd2 Qb3 26. Qd3 Kg7 27. Re1 b5 28.
Bf3 Ng5 29. Bd1 Rxc3 30. Bxb3 Rxd3 31. Bxg5 Rxe1+ 32. Rxe1 Bxg5 0-1

[Event "15. Bayer Open"]
[Site "Leverkusen"]
[Date "2017.01.16"]
[Round "2.2"]
[White "Khanukov, Boris"]
[Black "Wirtz, Uwe"]
[Result "1-0"]
[WhiteElo "2249"]
[BlackElo "1842"]
[PlyCount "91"]
[EventDate "2017.??.??"]
[WhiteTeam "Bahn-SC Wuppertal"]
[BlackTeam "Königsspringer Leverkusen"]

1. Nf3 d5 2. g3 Nf6 3. Bg2 c6 4. O-O Bg4 5. d3 Nbd7 6. Qe1 e5 7. e4 dxe4 8.
dxe4 Bd6 9. b3 O-O 10. Bb2 Qc7 11. Nbd2 b5 12. h3 Bxf3 13. Bxf3 Rad8 14. a4 a6
15. Qe2 Rfe8 16. Bg2 Nc5 17. axb5 axb5 18. Rfd1 Ra8 19. Nf1 Rxa1 20. Rxa1 Rd8
21. Bc1 h6 22. h4 Qd7 23. Bd2 Qb7 24. Bc3 Ra8 25. Rd1 Qc7 26. f4 Ne6 27. Kh1
Nd7 28. Qd2 Ra2 29. Qxd6 Qxd6 30. Rxd6 Rxc2 31. Bxe5 Nxe5 32. fxe5 c5 33. Bh3
Nd4 34. b4 Nf3 35. e6 fxe6 36. Bxe6+ Kf8 37. bxc5 Rxc5 38. Bg4 Ne5 39. Be2 b4
40. Rd2 Rc3 41. Rd5 Rc2 42. Bd1 Rc1 43. Rxe5 Rxd1 44. Kg2 b3 45. Rb5 Rd3 46.
Kf2 1-0

[Event "15. Bayer Open"]
[Site "Leverkusen"]
[Date "2017.01.16"]
[Round "2.3"]
[White "Bosbach, Jens"]
[Black "Balduan, Markus"]
[Result "0-1"]
[WhiteElo "1853"]
[BlackElo "2219"]
[PlyCount "88"]
[EventDate "2017.??.??"]
[WhiteTeam "Langenfelder SF"]
[BlackTeam "TV Witzhelden"]

1. d4 Nf6 2. Nf3 c5 3. c4 g6 4. Nc3 Bg7 5. e3 O-O 6. Be2 cxd4 7. Nxd4 d5 8. Bd2
e5 9. Nb3 d4 10. exd4 exd4 11. Nb5 d3 12. Bf3 Re8+ 13. Kf1 a6 14. Ba5 b6 15.
Bc3 axb5 16. Bxa8 bxc4 17. Nd2 b5 18. Bf3 g5 19. h3 h5 20. g3 g4 21. hxg4 hxg4
22. Bxf6 Qxf6 23. Bxg4 Bb7 24. Rh5 Qb6 25. Rg5 Kf8 26. Bh5 Qc6 27. Bf3 Qh6 28.
Rxb5 Bxf3 29. Nxf3 Nc6 30. Kg2 Re2 31. Qc1 Qe6 32. Qf4 Bh6 33. Qc7 Rxf2+ 34.
Kxf2 Qe2+ 35. Kg1 Be3+ 36. Kh1 Qxf3+ 37. Kh2 Kg7 38. Kh3 d2 39. Qd7 Nd4 40.
Qg4+ Qxg4+ 41. Kxg4 Nxb5 42. Kf3 Bd4 43. Rd1 Bxb2 44. Rxd2 c3 0-1

[Event "15. Bayer Open"]
[Site "Leverkusen"]
[Date "2017.01.16"]
[Round "2.5"]
[White "Rosenauer, Horst"]
[Black "Auer, Martin"]
[Result "0-1"]
[WhiteElo "1867"]
[BlackElo "2167"]
[PlyCount "26"]
[EventDate "2017.??.??"]
[WhiteTeam "Bergische SF"]
[BlackTeam "Bahn-SC Wuppertal"]

1. e4 d6 2. d4 g6 3. Nc3 Bg7 4. f4 Nf6 5. Nf3 O-O 6. Be3 Nbd7 7. Bd3 c5 8. Qd2
Ng4 9. Bg1 cxd4 10. Nxd4 e5 11. Ndb5 Nc5 12. Bxc5 dxc5 13. O-O c4 0-1

[Event "15. Bayer Open"]
[Site "Leverkusen"]
[Date "2017.01.16"]
[Round "2.6"]
[White "Schimpf, Rolf"]
[Black "Stillger, Bernhard"]
[Result "0-1"]
[WhiteElo "1679"]
[BlackElo "2240"]
[PlyCount "90"]
[EventDate "2017.??.??"]
[WhiteTeam "SC Bayer Leverkusen"]
[BlackTeam "Oberhausener SV"]

1. d4 Nf6 2. e3 g6 3. f4 Bg7 4. Nf3 O-O 5. Bd3 d5 6. O-O c5 7. c3 Qc7 8. Qe2
Ne4 9. Ne5 Nd7 10. Nd2 Nd6 11. Ndf3 Nf6 12. Nd2 Bf5 13. Bxf5 Nxf5 14. Nd3 b6
15. dxc5 bxc5 16. e4 dxe4 17. Nxe4 c4 18. Ne5 Rac8 19. Kh1 Rfd8 20. Nxf6+ exf6
21. Nf3 Bh6 22. g4 Re8 23. Qf2 Nd6 24. Nd4 Qb7+ 25. Qg2 Re4 26. h3 Rce8 27. f5
g5 28. b3 Bf8 29. b4 Nb5 30. Nxb5 Qxb5 31. a4 Qd7 32. Bd2 Re2 33. Rf2 Rxf2 34.
Qxf2 Qd3 35. Re1 Rd8 36. Re2 Qxh3+ 37. Kg1 Qxg4+ 38. Kf1 Qh3+ 39. Kg1 Rd3 40.
Re3 Qg4+ 41. Kh2 Bd6+ 42. Kh1 Qd1+ 43. Be1 Bf4 44. Rxd3 cxd3 45. Kg2 d2 0-1

[Event "15. Bayer Open"]
[Site "Leverkusen"]
[Date "2017.01.16"]
[Round "2.7"]
[White "Mohaupt, Sascha"]
[Black "Jiritschka, Wolfgang"]
[Result "1-0"]
[WhiteElo "2145"]
[BlackElo "1811"]
[PlyCount "89"]
[EventDate "2017.??.??"]
[WhiteTeam "SV Wermelskirchen"]
[BlackTeam "SC Bayer Leverkusen"]

1. e4 c5 2. Nc3 e6 3. Nge2 Nc6 4. g3 d5 5. d3 d4 6. Nb1 Nf6 7. Bg2 Be7 8. Nd2
O-O 9. O-O Bd7 10. f4 Rc8 11. h3 b5 12. g4 Be8 13. Ng3 Nd7 14. e5 f6 15. exf6
Nxf6 16. Qe2 Bf7 17. a4 a6 18. axb5 axb5 19. f5 exf5 20. Nxf5 Re8 21. Qf2 Bd5
22. g5 Nh5 23. Nxe7+ Rxe7 24. Ne4 Rf7 25. Qh4 Rxf1+ 26. Kxf1 Bxe4 27. Bxe4 g6
28. Qg4 Qe8 29. Kg1 Ne5 30. Qg2 Qe7 31. Bd2 Rf8 32. Re1 Qc7 33. Rf1 Qe7 34.
Bd5+ Kh8 35. Rxf8+ Qxf8 36. Qe4 Qe7 37. Bf4 Nxf4 38. Qxf4 Kg7 39. Kf2 Qf8 40.
Kg3 Qxf4+ 41. Kxf4 Nd7 42. Bc6 Nb6 43. Bxb5 Kf7 44. Ke5 Ke7 45. Bc6 1-0